| 000 | 00690nam a22002057a 4500 | ||
|---|---|---|---|
| 003 | OSt | ||
| 005 | 20140310182159.0 | ||
| 008 | 130902t xxu||||| |||| 00| 0 eng d | ||
| 020 | _a8172451512 | ||
| 050 |
_aTL 547 _b.L826 1998 |
||
| 082 |
_aHS 629.1078 _bL82 1998 |
||
| 100 |
_aLoeschnig, Louis V. _916148 |
||
| 245 |
_aSimple space & flight experiments with everyday materials / _cLouis V. Loeschnig |
||
| 260 |
_aNew Delhi : _bGoodwill Publishing House, _cc1998. |
||
| 300 |
_a128 p. : _bill. ; _c22 cm. |
||
| 650 |
_aFlight _xExperiments _xJuvenile Literature. _916149 |
||
| 650 |
_aSpace flight _xExperiments _xJuvenile Literature _xTitle. _916150 |
||
| 942 |
_2lcc _cHS |
||
| 999 |
_c10167 _d10167 |
||